| 000 | 00496nam a2200181 a 4500 | ||
|---|---|---|---|
| 005 | 20140310183143.0 | ||
| 008 | 020823s19uu xx 00 eng d | ||
| 020 | _a9814096636 | ||
| 050 |
_aQA 76.758 _b.So697 2001 |
||
| 100 | _aSommerville, Ian | ||
| 245 |
_aSoftware engineering / _cIan Sommerville. |
||
| 260 |
_aAustralia : _bPearson education, _c2001. |
||
| 300 |
_a693 p. : _bill. ; _c24 cm. |
||
| 521 | _aIT | ||
| 650 | _aSoftware engineering | ||
| 942 |
_cBK _2lcc _kFOR |
||
| 999 |
_c19453 _d19453 |
||